Minecraft Items: Stairs - Statistics

General Stats
  • This quiz has been taken 7 times
  • The average score is 42 of 58
Answer Stats
Answer % Correct
Acacia Stairs
100%
Andesite Stairs
100%
Birch Stairs
100%
Diorite Stairs
100%
Granite Stairs
100%
Oak Stairs
100%
Pale Oak Stairs
100%
Polished Andesite Stairs
100%
Polished Deepslate Stairs
100%
Polished Diorite Stairs
100%
Spruce Stairs
100%
Stone Stairs
100%
Bamboo Stairs
83%
Blackstone Stairs
83%
Cherry Stairs
83%
Cobbled Deepslate Stairs
83%
Cobblestone Stairs
83%
Dark Oak Stairs
83%
Deepslate Brick Stairs
83%
Deepslate Tile Stairs
83%
Jungle Stairs
83%
Mangrove Stairs
83%
Polished Blackstone Stairs
83%
Polished Granite Stairs
83%
Purpur Stairs
83%
Quartz Stairs
83%
Sandstone Stairs
83%
Stone Brick Stairs
83%
Cut Copper Stairs
67%
End Stone Brick Stairs
67%
Mossy Cobblestone Stairs
67%
Mossy Stone Brick Stairs
67%
Nether Brick Stairs
67%
Oxidized Cut Copper Stairs
67%
Polished Tuff Stairs
67%
Red Sandstone Stairs
67%
Smooth Quartz Stairs
67%
Tuff Brick Stairs
67%
Tuff Stairs
67%
Warped Stairs
67%
Waxed Cut Copper Stairs
67%
Waxed Oxidized Cut Copper Stairs
67%
Waxed Weathered Cut Copper Stairs
67%
Weathered Cut Copper Stairs
67%
Bamboo Mosaic Stairs
50%
Crimson Stairs
50%
Exposed Cut Copper Stairs
50%
Polished Blackstone Brick Stairs
50%
Red Nether Brick Stairs
50%
Smooth Sandstone Stairs
50%
Waxed Exposed Cut Copper Stairs
50%
Brick Stairs
33%
Dark Prismarine Stairs
33%
Mud Brick Stairs
33%
Prismarine Brick Stairs
33%
Prismarine Stairs
33%
Smooth Red Sandstone Stairs
33%
Resin Brick Stairs
0%
No matching quizzes found
Score Distribution
Percent of People with Each Score
Percentile by Number Answered
Your Score History
You have not taken this quiz